000 00432cam a22001335a 4500
020 _a9789719371809
040 _cDLC
082 _a822 PUB 2006 A097 Or.
100 1 _aBernardo, F. A.
245 1 0 _aManagement of colleges and universities of science and technology /
260 _a[Los BaƱos] :
_bPublished and distributed by the UPLB Foundation, Inc. and SEARCA,
_cc2006.
300 _axxii, 459 p. :
_bill. ;
_c25 cm.
942 _cEK
999 _c15930
_d15930